000 01419ngm a2200217Ic 4500
020 _a2706808314
040 _cpor
041 0 _hpor
082 _a633 SILV 1983 C282 Or.
100 _aLE MANIOC
245 0 0 _aSilvestre /
300 _a1 online resource (1 video file (1 hr., 53 min., 3 sec)) :
_bsound, color.
500 _aOriginally released by Films Sans Frontieres, 1981.
500 _aTitle from distributor's description
520 _aWhile a nobleman is away to visit and invite the king to his daughter's upcoming wedding, a strange pilgrim knocks on his door for shelter. Said visit ends in a violent confrontation and the pilgrim takes on different identities to seek revenge. Meanwhile the nobleman goes missing and his daughter has to pose as a young knight to save him. Set in medieval times, the movie makes use of theatrical sets, lyrical language and a languid rhythm to give it a unique feeling of a folk tale being transmitted from long ago. The cast is led by the 15-year-old Maria de Medeiros and João César Monteiro's frequent collaborator Luís Miguel Cintra.
710 2 _aInfobase
710 2 _aFilms Sans Frontieres (Firm)
856 4 0 _uhttps://ezproxy.spl.org/login?url=https://jfk.infobase.com/PortalPlaylists.aspx?wID=79331&xtid=160566
856 4 2 _uhttps://cdnsecakmi.kaltura.com/p/1067292/sp/106729200/thumbnail/entry_id/0_bvoqmpzo/version/100002/width/88
942 _cAEDBB
999 _c21491
_d21491